| 000 | 01003nam a22003730a 4500 | ||
|---|---|---|---|
| 001 | PT43962 | ||
| 003 | AR-LpoUNG | ||
| 005 | 20210131231009.0 | ||
| 008 | 191001s2009||||ag |||||||||||||||||spa d | ||
| 020 |
_a9789871543199 _c$111 |
||
| 040 |
_aAR-LpoUNG _bspa _cAR-LpoUNG _eaacr |
||
| 041 | _aspa | ||
| 044 | _aag | ||
| 082 | 0 | _aR300 756pob | |
| 100 | 1 |
_aSpicher, Paul _eed. |
|
| 245 | 1 | 0 |
_aPobreza : _bun glosario internacional |
| 250 | _a1ra. ed. | ||
| 260 |
_aBuenos Aires : _bConsejo Latinoamericano de Ciencias Sociales, _c2009. |
||
| 300 |
_a313 p. : _bil., gráfs. |
||
| 650 | 4 | _aECONOMIA | |
| 650 | 4 | _aGLOSARIOS | |
| 650 | 4 | _aINFLACION | |
| 650 | 4 | _aJUSTICIA SOCIAL | |
| 650 | 4 | _aMATERIAL DE REFERENCIA | |
| 650 | 4 | _aPOBREZA | |
| 650 | 4 | _aPRODUCTIVIDAD | |
| 650 | 4 | _aTERMINOLOGIA | |
| 650 | 4 | _aTRABAJO | |
| 651 | 4 | _aDOCUMENTOS TEORICOS O METODOLOGICOS | |
| 700 | 1 |
_aÁlvarez Leguizamón, Sonia _eed. |
|
| 700 | 1 |
_aGordon, David _eed. |
|
| 905 | _a43962 | ||
| 942 | _cLSALA | ||
| 999 |
_c7383 _d7383 |
||